000 01429nam0a22003731 4500
001 v19\rc\1575514
005 20250618210055.0
035 _a(NLR Aleph) 004703608
090 _a4101980
_c4101980
100 _a20061002e18931893|||y0rusy50 ca
101 0 _arus
102 _aRU
105 _ay z |||||
200 1 _aИван Перфильевич Елагин. (1725-1794)
_f[Бар. Н.В. Дризен]
210 _aСанкт-Петербург
_cтип. т-ва "Обществ. польза"
_dценз. 1893
215 _a117-143 с.
_d23
300 _aАвт. указан в конце текста
309 _aБез тит. л. и обл.
311 _aОтт. из "Рус. старины". 1893 г., т. 80, окт.
320 _aБиблиогр. в примеч.
488 0 _12001#$aРусская старина$v1893, т. 80, окт.
_tРусская старина
700 1 _7ca
_8rus
_aДризен
_bН. В.
_f1868-1935
_gНиколай Васильевич
_9156984
_3RU\NLR\AUTH\770157024
702 1 _aЕлагин
_bИ.П.
_f1725-1794
_gИван Перфильевич
_4570
801 0 _aRU
_bNLR
_gpsbo
801 0 _aRU
_bRuMoRGB
_2psbo
801 1 _aRU
_bProSoft-M
_2rusmarc
830 _aОписано по экз. БАН
852 _aNLR
_jDesideratum
899 _aRuMoRGB
_jA 206/1355
899 _aБАН
899 _aНБ СПбГУ
899 _aГПИБ
942 _cBOOK
980 _aNB